[Event "NZL-ch Major op"]
[Site "Christchurch"]
[Date "2022.01.08"]
[Round "7"]
[White "Dharmasena, Gavith"]
[Black "Joseph, Ritika"]
[Result "1-0"]
[WhiteElo "1771"]
[BlackElo "1346"]
[PlyCount "31"]
[EventDate "2022.01.02"]
[EventType "swiss"]
[EventRounds "9"]
[EventCountry "NZL"]
[SourceTitle "EXT 2024"]
[Source "ChessBase"]
[SourceDate "2023.10.10"]
[SourceVersion "1"]
[SourceVersionDate "2023.10.10"]
[SourceQuality "1"]

1. e4 e6 2. d4 d5 3. exd5 exd5 4. c4 c6 5. Nc3 Bf5 6. cxd5 cxd5 7. Qb3 Ne7 8. Qxb7 Nbc6 9. Bb5 Rc8 10. Bf4 g6 11. Nf3 Bg7 12. Ne5 Qb6 13. Bxc6+ Nxc6 14. Qxf7+ Kd8 15. Bg5+ Ne7 16. Qxe7# 1-0

[Event "North Island-ch"]
[Site "Wellington"]
[Date "2021.04.04"]
[Round "5"]
[White "Dharmasena, Gavith"]
[Black "Carroll, Lewis"]
[Result "1-0"]
[WhiteElo "1770"]
[BlackElo "1493"]
[PlyCount "136"]
[EventDate "2021.04.02"]
[EventType "swiss"]
[EventRounds "8"]
[EventCountry "NZL"]
[SourceTitle "EXT 2024"]
[Source "ChessBase"]
[SourceDate "2023.10.10"]
[SourceVersion "1"]
[SourceVersionDate "2023.10.10"]
[SourceQuality "1"]

1. e4 e5 2. Nf3 Nc6 3. Bc4 Nf6 4. d3 d5 5. exd5 Nxd5 6. Bg5 f6 7. Bh4 Be6 8. Bg3 Qd7 9. Nbd2 Be7 10. c3 Na5 11. Qe2 0-0-0 12. 0-0-0 Qa4 13. Nxe5 fxe5 14. Qxe5 Qc6 15. Rde1 Nxc4 16. dxc4 Nxc3 17. Qxe6+ Qxe6 18. Rxe6 Bg5 19. f4 Nxa2+ 20. Kc2 Nb4+ 21. Kb1 Rxd2 22. fxg5 Rhd8 23. b3 Rxg2 24. Rhe1 Nd3 25. R1e2 Rxe2 26. Rxe2 b6 27. Kc2 Nb4+ 28. Kc3 a5 29. Re7 Rd7 30. Re8+ Kb7 31. Re2 c6 32. Rf2 b5 33. Re2 Kb6 34. Bf2+ Kb7 35. Bd4 Na2+ 36. Rxa2 b4+ 37. Kd3 c5 38. Rxa5 Rxd4+ 39. Ke3 Kb6 40. Ra8 Rh4 41. Rh8 Rxh2 42. g6 Rh6 43. gxh7 Kc6 44. Ke4 Rh5 45. Kf4 Kd7 46. Kg4 Rh6 47. Kg5 Ke7 48. Kf5 Kf7 49. Ke5 g6 50. Ra8 Rxh7 51. Ra7+ Kg8 52. Rxh7 Kxh7 53. Kd5 g5 54. Kxc5 Kg6 55. Kd5 Kf7 56. Ke5 Ke7 57. Kf5 Kd6 58. Kg4 Ke6 59. Kxg5 Ke5 60. Kg4 Ke4 61. Kg3 Kd4 62. Kf4 Kc3 63. c5 Kxb3 64. c6 Ka2 65. c7 b3 66. c8Q b2 67. Qc2 Ka1 68. Qa4+ Kb1 1-0

[Event "North Island-ch"]
[Site "Wellington"]
[Date "2021.04.04"]
[Round "6"]
[White "Nyberg, Michael"]
[Black "Dharmasena, Gavith"]
[Result "1-0"]
[WhiteElo "1904"]
[BlackElo "1770"]
[PlyCount "101"]
[EventDate "2021.04.02"]
[EventType "swiss"]
[EventRounds "8"]
[EventCountry "NZL"]
[SourceTitle "EXT 2024"]
[Source "ChessBase"]
[SourceDate "2023.10.10"]
[SourceVersion "1"]
[SourceVersionDate "2023.10.10"]
[SourceQuality "1"]

1. e4 e5 2. Nf3 Nc6 3. Bc4 Bc5 4. d3 Nf6 5. h3 h6 6. a4 a6 7. Nbd2 0-0 8. 0-0 d6 9. c3 Ba7 10. Ba2 Be6 11. Bb1 Ne7 12. d4 Ng6 13. Re1 Qd7 14. Nf1 c6 15. Ng3 Rad8 16. Be3 Bb8 17. Bc2 d5 18. dxe5 Nxe5 19. Nxe5 Bxe5 20. f4 Bc7 21. e5 Ne4 22. Nxe4 dxe4 23. Qxd7 Rxd7 24. Bxe4 Rfd8 25. Bc2 Bd5 26. b3 Ba5 27. b4 Bc7 28. Rad1 a5 29. Kf2 axb4 30. cxb4 g6 31. a5 Kg7 32. g4 Kg8 33. Bc5 Be6 34. Rxd7 Rxd7 35. Ke3 Bd5 36. Rd1 Kg7 37. Be4 Be6 38. Rxd7 Bxd7 39. Bd4 Kf8 40. f5 g5 41. Bc5+ Ke8 42. Kd4 Bc8 43. Bd3 Bd7 44. a6 bxa6 45. Bxa6 Bd8 46. Ke4 Bc7 47. Bc4 Bc8 48. b5 Bb7 49. b6 Bb8 50. e6 fxe6 51. Bxe6 1-0

[Event "Auckland Waitangi op"]
[Site "Auckland"]
[Date "2021.02.08"]
[Round "5"]
[White "Dharmasena, Gavith"]
[Black "Duneas, John"]
[Result "0-1"]
[WhiteElo "1737"]
[BlackElo "2147"]
[PlyCount "70"]
[EventDate "2021.02.06"]
[EventType "swiss"]
[EventRounds "6"]
[EventCountry "NZL"]
[SourceTitle "EXT 2024"]
[Source "ChessBase"]
[SourceDate "2023.10.10"]
[SourceVersion "1"]
[SourceVersionDate "2023.10.10"]
[SourceQuality "1"]

1. d4 d5 2. c4 c6 3. Nc3 Nf6 4. Bg5 Ne4 5. Nxe4 dxe4 6. Bf4 Qb6 7. Qd2 Nd7 8. e3 a5 9. a3 g6 10. Ne2 Bg7 11. Nc3 f5 12. c5 Qb3 13. Bc7 e5 14. Bd6 exd4 15. exd4 Nf6 16. Be2 Qf7 17. 0-0 Be6 18. Na4 Nd5 19. Nc3 Qd7 20. Nxd5 Bxd5 21. b4 axb4 22. axb4 Kf7 23. Rfd1 b5 24. cxb6 Qxd6 25. Ra7+ Rxa7 26. bxa7 Ra8 27. b5 Rxa7 28. b6 Rb7 29. Rb1 Qd8 30. Qb4 Bf8 31. Qa5 Bd6 32. Ba6 Rb8 33. Be2 Kg8 34. Ba6 Qf6 35. Qa1 f4 0-1

[Event "NZL-ch Major op"]
[Site "Palmerston North"]
[Date "2021.01.06"]
[Round "5"]
[White "He, Caleb"]
[Black "Dharmasena, Gavith"]
[Result "0-1"]
[WhiteElo "1646"]
[BlackElo "1709"]
[PlyCount "106"]
[EventDate "2021.01.02"]
[EventType "swiss"]
[EventRounds "9"]
[EventCountry "NZL"]
[SourceTitle "EXT 2024"]
[Source "ChessBase"]
[SourceDate "2023.10.10"]
[SourceVersion "1"]
[SourceVersionDate "2023.10.10"]
[SourceQuality "1"]

1. c4 e5 2. g3 Nf6 3. Bg2 c6 4. d4 exd4 5. Qxd4 d5 6. Nc3 Be6 7. Nf3 c5 8. Qd3 d4 9. Ng5 Qd7 10. Nce4 Nxe4 11. Qxe4 Qc6 12. Qxe6+ fxe6 13. Bxc6+ Nxc6 14. Nxe6 Kd7 15. Nxf8+ Rhxf8 16. Bf4 Rae8 17. e3 h6 18. h4 Rf5 19. 0-0-0 g5 20. hxg5 hxg5 21. Rh5 gxf4 22. Rxf5 fxe3 23. fxe3 Rxe3 24. g4 Ne5 25. g5 Ke6 26. Rf6+ Ke7 27. b3 Rc3+ 28. Kb2 Rg3 29. Rf5 Nd3+ 30. Kc2 Nb4+ 31. Kb1 Rg2 32. Rxc5 Nxa2 33. Rxd4 Nc3+ 34. Kc1 Ne2+ 35. Kd2 Nxd4+ 36. Kc3 Nc6 37. Rb5 b6 38. b4 Rg3+ 39. Kb2 Ke6 40. Ka2 Rg4 41. g6 Rxg6 42. Rh5 Nxb4+ 43. Kb3 Nc6 44. Ka4 a6 45. Kb3 Rg3+ 46. Kb2 Kd6 47. Rd5+ Ke6 48. Rh5 Ne5 49. Rh4 Kd6 50. Rd4+ Kc6 51. Re4 Nd3+ 52. Kc2 Nb4+ 53. Kb2 Kc5 0-1

[Event "Gibraltar U16 op"]
[Site "Caleta"]
[Date "2019.08.18"]
[Round "4"]
[White "Tadevosyan, Aspet"]
[Black "Dharmasena, Gavith"]
[Result "1-0"]
[WhiteElo "2038"]
[BlackElo "1585"]
[PlyCount "58"]
[EventDate "2019.08.16"]
[EventType "swiss"]
[EventRounds "6"]
[EventCountry "GGB"]
[SourceTitle "CBM 195 Extra"]
[Source "ChessBase"]
[SourceDate "2020.05.31"]
[SourceVersion "1"]
[SourceVersionDate "2020.05.31"]
[SourceQuality "1"]

1. d4 Nf6 2. c4 e6 3. Nc3 d5 4. cxd5 exd5 5. Bg5 Be7 6. e3 h6 7. Bh4 0-0 8. Bd3 Be6 9. Nge2 Nbd7 10. Nf4 c6 11. Nxe6 fxe6 12. Bg3 Nb6 13. 0-0 Bd6 14. Be5 Bxe5 15. dxe5 Nfd7 16. f4 Nc5 17. Be2 Qe7 18. b4 Ncd7 19. a3 Rac8 20. Bd3 a6 21. Qg4 Rfd8 22. Ne2 c5 23. bxc5 Rxc5 24. Nd4 Re8 25. Bg6 Rec8 26. Nxe6 Rc3 27. Bf5 Qf7 28. Nd4 h5 29. Qg5 Rxe3 1-0

[Event "Gibraltar U16 op"]
[Site "Caleta"]
[Date "2019.08.17"]
[Round "3"]
[White "Dharmasena, Gavith"]
[Black "Onslow, Teddy"]
[Result "1/2-1/2"]
[WhiteElo "1585"]
[BlackElo "1739"]
[PlyCount "54"]
[EventDate "2019.08.16"]
[EventType "swiss"]
[EventRounds "6"]
[EventCountry "GGB"]
[SourceTitle "CBM 195 Extra"]
[Source "ChessBase"]
[SourceDate "2020.05.31"]
[SourceVersion "1"]
[SourceVersionDate "2020.05.31"]
[SourceQuality "1"]

1. e4 e6 2. d4 d5 3. exd5 exd5 4. c4 c6 5. Bd3 Nf6 6. Ne2 dxc4 7. Bxc4 Bd6 8. Nbc3 0-0 9. h3 b5 10. Bd3 Bb7 11. Bg5 h6 12. Bh4 Nbd7 13. 0-0 Qb6 14. Ng3 Bxg3 15. Bxg3 a5 16. Ne4 Nxe4 17. Bxe4 Nf6 18. Bd3 Rfd8 19. Be5 c5 20. Rc1 Rac8 21. dxc5 Rxc5 22. Rxc5 Qxc5 23. Bxf6 Qc6 24. Qg4 Qxf6 25. Bxb5 Rd5 26. Qe4 Qb6 27. Bd3 g6 1/2-1/2

[Event "GBR-ch U14 106th"]
[Site "Torquay"]
[Date "2019.08.02"]
[Round "6"]
[White "Shchepinova, Polina"]
[Black "Dharmasena, Gavith"]
[Result "1-0"]
[WhiteElo "1532"]
[BlackElo "1585"]
[PlyCount "62"]
[EventDate "2019.07.28"]
[EventType "swiss"]
[EventRounds "7"]
[EventCountry "ENG"]
[SourceTitle "EXT 2020"]
[Source "ChessBase"]
[SourceDate "2019.10.17"]
[SourceVersion "1"]
[SourceVersionDate "2019.10.17"]
[SourceQuality "1"]

1. e4 e5 2. Nf3 Nc6 3. Bc4 Bc5 4. d3 Nf6 5. c3 0-0 6. Qe2 d6 7. h3 Be6 8. Bb3 a5 9. Nbd2 Ba7 10. Nf1 h6 11. Ng3 d5 12. Ba4 dxe4 13. dxe4 Bd7 14. 0-0 Re8 15. Nh4 Ne7 16. Bxd7 Qxd7 17. Qf3 Qe6 18. Nhf5 Ng6 19. h4 Nf4 20. Bxf4 exf4 21. Qxf4 Rad8 22. Nxg7 Kxg7 23. Nf5+ Kg8 24. Qxh6 Nh5 25. Qxh5 Qg6 26. Qxg6+ fxg6 27. Ng3 Rd2 28. Kh2 Re2 29. e5 Re3 30. a3 Re7 31. e6 Rxc3 1-0

[Event "Midland-ch op Major"]
[Site "Telford"]
[Date "2018.08.12"]
[Round "5.7"]
[White "Dharmasena, Gavith"]
[Black "O'Gorman, Brendan"]
[Result "1-0"]
[WhiteElo "1433"]
[BlackElo "1741"]
[PlyCount "45"]
[EventDate "2018.08.10"]
[EventType "swiss"]
[EventRounds "5"]
[EventCountry "ENG"]
[SourceTitle "EXT 2023"]
[Source "ChessBase"]
[SourceDate "2022.10.05"]
[SourceVersion "1"]
[SourceVersionDate "2022.10.05"]
[SourceQuality "1"]

1. e4 c5 2. Nf3 e6 3. d4 cxd4 4. Nxd4 Nf6 5. Bd3 Nc6 6. Be3 d5 7. Nxc6 bxc6 8. exd5 exd5 9. 0-0 Be7 10. Nd2 0-0 11. c3 Qc7 12. h3 Rb8 13. Qc2 h6 14. Rfe1 Bd6 15. b4 Re8 16. Nb3 Ne4 17. Bc5 Bf5 18. Bxd6 Qxd6 19. f3 Qg3 20. fxe4 dxe4 21. Bxe4 Bxh3 22. Qf2 Qxc3 23. gxh3 1-0

[Event "BCF-ch U12"]
[Site "Llandudno"]
[Date "2017.08.02"]
[Round "4"]
[White "Parry, Samuel A"]
[Black "Dharmasena, Gavith"]
[Result "1/2-1/2"]
[WhiteElo "1502"]
[BlackElo "1321"]
[PlyCount "28"]
[EventDate "2017.07.30"]
[EventType "swiss"]
[EventRounds "7"]
[EventCountry "WLS"]
[SourceTitle "CBM 179 Extra"]
[Source "ChessBase"]
[SourceDate "2017.08.23"]
[SourceVersion "1"]
[SourceVersionDate "2017.08.23"]
[SourceQuality "1"]

1. d4 d5 2. Bg5 Bf5 3. c4 h6 4. Bh4 c6 5. Nc3 Nf6 6. Bxf6 gxf6 7. Nf3 e6 8. e3 Bd6 9. cxd5 cxd5 10. Bd3 Bh7 11. Qc2 f5 12. Nb5 Nc6 13. Nxd6+ Qxd6 14. a3 a6 1/2-1/2